000
00271nam a2200121Ia 4500
008
190216s9999||||xx |||||||||||||| ||und||
100
_a
Kenneth Young
245
0
_a
Dh Lawrence
260
_b
Longmans
_c
1966
300
_a
55p
650
_a
English Literature
942
_c
BK
999
_c
12716
_d
12716